Представление документа в формате RUSMARC

ПолеНазваниеЗначение
  Тип записи i
  Библиографический уровень m
001 Контрольный номер LIBNET\0000383488
005 Дата корректировки 20250217110355.3
010 Индекс ISBN __
a ISBN (в кор.)
d Цена 181-48
100 Данные общей обработки __
a Данные общей обработки 19151013d2011####||| 0rusy0189 ca
101 Язык документа 0_
a Язык текста rus
102 Страна публикации __
a Страна публикации RU|
105 Кодированные данные (монография) __
a Кодированные данные (монография) nn|||||||f|zy
127 Кодированные данные (звукозаписи-физические характеристики) __
a Продолжительность проигрывания 02 ч 49 мин
200 Заглавие и сведения об ответственности 1_
a Заглавие Н. В. Гоголь в исполнении мастеров художественного слова
e Сведения, относящиеся к заглавию [аудиокнига : 12+]
f Первые сведения об ответственности [читают: О. Абдулов и др.]
b Общее обозначение материала Звукозапись
210 Выходные данные 1_
a Место издания Москва
c Издательство Ардис
d Дата издания 2011
215 Физическое описание __
a Объем 1 электрон. опт. диск (Audio CD)
c Иллюстрации/тип воспроизводства mp3, stereo
d Формат 12х14 см
225 Серия 2_
a Серия Театр у микрофона
225 Серия 2_
a Серия Аудиокнига
230 Специфическая характеристика материала: электронные ресурсы __
a Обозначение и объем ресурса Электронные звуковые данные
300 Общие примечания __
a Общие примечания Загл. с этикетки диска
300 Общие примечания __
a Общие примечания Запись 1940-1959-х гг.
323 Примечание о главных создателях, исполнителях, участниках __
a Примечание о главных создателях, исполнителях, участниках Абдулов, О. (читает)
323 Примечание о главных создателях, исполнителях, участниках __
a Примечание о главных создателях, исполнителях, участниках Ильинский, И. (читает)
323 Примечание о главных создателях, исполнителях, участниках __
a Примечание о главных создателях, исполнителях, участниках Пашенная, В. (читает)
323 Примечание о главных создателях, исполнителях, участниках __
a Примечание о главных создателях, исполнителях, участниках Балашов, С. (читает)
327 Примечание о содержании 0_
a Примечание о содержании Как поссорились Иван Иванович с Иваном Никифоровичем
327 Примечание о содержании 0_
a Примечание о содержании Старосветские помещики
327 Примечание о содержании 0_
a Примечание о содержании Иван Федорович Шпонька и его тетушка
327 Примечание о содержании 0_
a Примечание о содержании Шинель
330 Аннотация __
a Аннотация Предлагаем вашему вниманию любимые всеми повести Н.В. Гоголя в исполнении мастеров художественного слова Осипа Абдулова, Игоря Ильинского, Веры Пашенной и Сергея Балашова.
333 Примечание о целевом назначении __
a Примечание о целевом назначении 12+. Для детей старше 12 лет
337 Примечание о системных требованиях (электронные ресурсы) __
a Примечание о системных требованиях (электронные ресурсы) Системные требования: ПК: MS Windows ; Pentium 100 ; RAM 16 Мб ; SVGA, 600х800 ; CD-ROM ; зв. карта ; колонки или наушники или аудиосистемы: музык. центр ; CD/DVD-плеер и т.д.
517 Другие варианты заглавия 1_
a Другие варианты заглавия Как поссорились Иван Иванович с Иваном Никифоровичем
517 Другие варианты заглавия 1_
a Другие варианты заглавия Старосветские помещики
517 Другие варианты заглавия 1_
a Другие варианты заглавия Иван Федорович Шпонька и его тетушка
517 Другие варианты заглавия 1_
a Другие варианты заглавия Шинель
606 Тематические рубрики __
a Основная рубрика Художественная литература
606 Тематические рубрики __
a Основная рубрика Русская литература XIX в. (произведения)
610 Ключевые слова 0_
a Ключевые слова классическая литература
a Ключевые слова повести
a Ключевые слова русская классика
a Ключевые слова русская классическая литература
a Ключевые слова тема беззакония
a Ключевые слова тема взаимоотношений
a Ключевые слова тема маленького человека
a Ключевые слова тема народа
a Ключевые слова тема нечистой силы
a Ключевые слова тема нравственности
a Ключевые слова тема обмана
a Ключевые слова тема помещиков
a Ключевые слова тема сатиры
a Ключевые слова тема семьи
a Ключевые слова тема чиновников
a Ключевые слова тема чиновничества
a Ключевые слова тема юмора
686 Индексы других классификаций __
2 Код системы rubbks
a Классификационный индекс 84(2=411.2)52-4я04; ст84(2Рос=Рус)1-4я0
700 Автор _1
a Фамилия Гоголь
b Имя Н. В.
f Даты 1809-1852
g Полное личное имя Николай Васильевич
4 Код отношения 070
801 Источник записи _0
a Страна RU
b Организация Муниципальное бюджетное учреждение культуры "Централизованная библиотечная система" г. Сургут (Центральная городская библиотека им. А. С. Пушкина)
c Дата составления 20151013
g Правила каталогизации КиК/Апакова
801 Источник записи _1
a Страна RU
b Организация Муниципальное бюджетное учреждение культуры "Централизованная библиотечная система" г. Сургут (Центральная городская библиотека им. А. С. Пушкина)
c Дата составления 20151013
g Правила каталогизации КиК/Апакова
852 Данные о местонахождении __
j Шифр хранения 84(2=411.2)52-4я04
i Авторский знак Г 58
901 Тип документа __
t Тип документа 0
903 Характеристики (МАРС) __
a Дата передачи 20151013
969 Тип издания __
a Тип издания аудиокнига; издание для слепых
990 Данные о заказе (DOS) __
j Количество экземпляров (DOS) 11
t N записи в КСУ для И/У (DOS) 201510